The East and West Indian Mirror, being an account of Joris van Speilbergen's voyage round the world {1614-1617}, and the Australian navigations of Jacob Le Maire. Translated, with Notes and an Introduction, by J. A. J. de Villiers, of the British Museum
Saved in:
| Hovedforfatter: | |
|---|---|
| Format: | Bog |
| Sprog: | engelsk |
| Udgivet: |
Londres
Hakluyt Society
1906
|
| Udgivelse: | 1a. ed |
| Serier: | Hakluyt Society, Second series, 18
|
| Fag: | |
| Tags: |
Tilføj Tag
Ingen Tags, Vær først til at tagge denne postø!
|
MARC
| LEADER | 00000nam a2200000 a 4500 | ||
|---|---|---|---|
| 001 | UCJ5750 | ||
| 003 | CL-VaPUC | ||
| 008 | 070124e19060000UK |||||||||||||||||eng|d | ||
| 082 | 0 | 4 | |a 910.4 |b SPE |2 21 |
| 100 | 0 | |a Speilbergen, Joris van |e author |9 511427 | |
| 245 | 1 | 4 | |a The East and West Indian Mirror, being an account of Joris van Speilbergen's voyage round the world {1614-1617}, and the Australian navigations of Jacob Le Maire. Translated, with Notes and an Introduction, by J. A. J. de Villiers, of the British Museum |
| 246 | 1 | 0 | |a Australian Navigations |
| 250 | |a 1a. ed | ||
| 300 | |a lxi, 372 p | ||
| 942 | |c BK | ||
| 945 | |d 20070124 00:00:00 |a rinostro | ||
| 260 | |a Londres |b Hakluyt Society |c 1906 | ||
| 500 | |a Mapas e iconografia conforme a lo señalado en texto; p. 165, retrato de Jacobo Le Maire | ||
| 600 | 0 | 7 | |a LE MAIRE, JACOBO |2 CL-VaPUC |9 511428 |
| 600 | 0 | 7 | |a SCHOT, APOLONIO |2 CL-VaPUC |9 511429 |
| 600 | 0 | 7 | |a ARTHUS, GOTHARD |2 CL-VaPUC |9 511430 |
| 600 | 0 | 7 | |a ARTHUSIO DANTISCANO, GOTHARDO |2 CL-VaPUC |9 511431 |
| 600 | 0 | 7 | |a CORNELISZ, JAN |2 CL-VaPUC |9 511432 |
| 600 | 0 | 7 | |a HUYGHEN VAN LINSCHOTEN, JAN |2 CL-VaPUC |9 511433 |
| 600 | 0 | 7 | |a HEEMSKERCKE, JACOB VAN |2 CL-VaPUC |9 511434 |
| 600 | 0 | 7 | |a DIRICKSZOON VAN PURMERLANT, JACOBO |2 CL-VaPUC |9 511435 |
| 600 | 0 | 7 | |a MAHU, JACOBO |2 CL-VaPUC |9 507918 |
| 600 | 0 | 7 | |a CORDES, SIMON DE |2 CL-VaPUC |9 507446 |
| 650 | 0 | |a Descubrimientos geográficos |9 331933 | |
| 650 | 0 | |a Aborígenes |9 329972 | |
| 650 | 0 | |a Viajes |9 257115 | |
| 650 | 7 | |a DIARIO |2 CL-VaPUC |9 441581 | |
| 650 | 0 | |a Correspondencia |9 258963 | |
| 650 | 7 | |a HOLANDESES |2 CL-VaPUC |9 504311 | |
| 650 | 7 | |a PIRATAS |2 CL-VaPUC |9 317855 | |
| 650 | 7 | |a CORSARIOS |2 CL-VaPUC |9 317856 | |
| 650 | 0 | |a Comercio |9 255341 | |
| 650 | 7 | |a BATALLAS NAVALES |2 CL-VaPUC |9 441547 | |
| 650 | 7 | |a NAOS |2 CL-VaPUC |9 505792 | |
| 650 | 0 | |a Iconografía |9 267998 | |
| 650 | 0 | |a Cartografía |9 266055 | |
| 650 | 0 | |a Mapas |9 260844 | |
| 650 | 0 | |a Ilustraciones |9 369481 | |
| 650 | 7 | |a FACSIMILES |2 CL-VaPUC |9 460925 | |
| 651 | 0 | |a Brasil |9 267393 | |
| 651 | 7 | |a SAN VICENTE |2 CL-VaPUC |9 511436 | |
| 651 | 7 | |a CHILE |2 CL-VaPUC |9 511437 | |
| 651 | 0 | |a Quintero |9 479428 | |
| 651 | 0 | |a Concepción |9 254982 | |
| 651 | 7 | |a ISLA MOCHA |2 CL-VaPUC |9 438393 | |
| 651 | 0 | |a Santa María |9 511438 | |
| 651 | 0 | |a Magallanes |9 265180 | |
| 651 | 0 | |a Perú |9 256567 | |
| 651 | 7 | |a CALLAO |2 CL-VaPUC |9 443682 | |
| 651 | 0 | |a Filipinas |9 258491 | |
| 651 | 0 | |a Australia |9 262077 | |
| 651 | 0 | |a Valparaíso, Chile |9 261144 | |
| 583 | |a last modification |c 20070124 00:00:00 |k Rodrigo Vera | ||
| 490 | 0 | |a Hakluyt Society, Second series, 18 | |
| 999 | |c 321859 |d 321857 | ||
| 952 | |0 0 |1 0 |4 0 |6 910_400000000000000_SPE_1906 |7 0 |8 X |9 400725 |a FDOBUD |b FDOBUD |d 2019-11-22 |i 1039156 |o 910.4 SPE 1906 |p 1039156 |r 2019-11-22 |w 2019-11-22 |y BK_X |k BUD | ||